|
|
|
|
| LEADER |
01685nam a2200265 a 4500 |
| 001 |
GR-MES3905 |
| 008 |
991111s1994 gr 000 0 gre d |
| 020 |
|
|
|a 9602370742
|
| 040 |
|
|
|a GrPaTEI
|b gre
|c GR-PaULI
|
| 245 |
0 |
0 |
|a Οδηγός επιτυχημένων διαπραγματεύσεων =
|b Never take no for an answer : Πως να μην σας απαντήσουν ποτέ <<όχι>> /
|c Σαμφριτς Λε Πουλ ; Μετάφραση από τα αγγλικά: Ανδρέας Σοκοδήμος.
|
| 260 |
|
|
|a Αθήνα :
|b Εκδοτικός οργανισμός Λιβάνη,
|c 1994
|
| 300 |
|
|
|a 211σελ.
|
| 500 |
|
|
|a Περιέχει βιβλιογραφία
|
| 650 |
|
4 |
|a ΔΙΑΠΡΑΓΜΑΤΕΥΣΕΙΣ
|
| 650 |
|
4 |
|a Μάνατζμεντ
|
| 700 |
1 |
|
|a Λε Πουλ, Σ.
|
| 700 |
1 |
|
|a Σοκοδήμος, Ανδρέας
|
| 700 |
1 |
|
|a Χατζηευστρατίου, Ελένη
|
| 710 |
0 |
|
|a Εκδοτικός οργανισμός Λιβάνη
|
| 942 |
|
|
|2 ddc
|
| 952 |
|
|
|0 0
|1 0
|2 ddc
|4 0
|6 658_405000000000000_2_ΛΕΠ
|7 0
|9 268509
|a MSLG
|b MSLG
|c BSC
|d 2021-01-17
|e 24
|f 0
|g 0.00
|l 0
|o 658.405 2 ΛΕΠ
|p 2420000009287
|r 2021-01-17 00:00:00
|t 1
|w 2021-01-17
|y BK15
|x 19991111 0 1
|x GrPaTEI
|
| 952 |
|
|
|0 0
|1 0
|2 ddc
|4 0
|6 658_405000000000000_2_ΛΕΠ
|7 0
|9 268510
|a MSLG
|b MSLG
|c BSC
|d 2021-01-17
|e 24
|f 0
|g 0.00
|l 0
|o 658.405 2 ΛΕΠ
|p 2420000017124
|r 2021-01-17 00:00:00
|t 1
|w 2021-01-17
|y BK15
|x 20000203 0 1
|x GrPaTEI
|
| 952 |
|
|
|0 0
|1 0
|2 ddc
|4 0
|6 658_405000000000000_2_ΛΕΠ
|7 0
|9 268511
|a MSLG
|b MSLG
|c BSC
|d 2021-01-17
|e 24
|f 0
|g 0.00
|l 0
|o 658.405 2 ΛΕΠ
|p 2420000017125
|r 2021-01-17 00:00:00
|t 1
|w 2021-01-17
|y BK15
|x 20000203 0 1
|x GrPaTEI
|
| 971 |
|
|
|a .b25749511
|b 16-04-20
|c 13-09-16
|
| 999 |
|
|
|c 154736
|d 154736
|